1069 1820 1925 1529 1316 1795 1534 1479 1256 1892 1449 1403 1180 1293 1599 1066 1305 1540 1481 1219 1071 1030 1948 1628 1874 1118 1043 1574 1378 1791 1097 1646 1744 1632 1255 1021 1866 1932 1562 1017 1078 1758 1657 1344 1198 1012 1992 1698 1845 1961 1181 1426 1033 1860 1916 1030 1013 1115 1118 1706 1594 1611 1376 1321 1639 1319 1263 1868 1102 1893 1604 1011 1710 1288 1586 1143 1712 1767 1064 1308 1370 1524 1373 1931 1118 1493 1746 1340 1631 1283 1622 1398 1182 1421 1254 1951 1356 1257 1867 BCNSPRNW ULIB Ver.6.0+V

เปลี่ยนเป็นภาษาไทย

Change to English
 แสดงรายละเอียดบรรณานุกรม
  กลับหน้าหลัก

Brief Record : Get Marc (ISO 2709) : E-mail record : QR code < ปิดหน้าต่าง
LEADER : 00000nam 2200000uu 4500
001    13399112910
003     ULIB
008    110916s2553||||th 000 0 tha d
020    9786165000499
090    นว.^bร147ก 2553
100 0  ร่มแก้ว
245 00 กับดักรักลวง/^cร่มแก้ว
250    พิมพ์ครั้งที่ 2
260    กรุงเทพฯ :^bพิมพ์คำ,^c2553
300    339 หน้า
945    ^p240^l0^i16995
995    กัณชพร
999     ^aใช้งานได้ทุกระบบ
รายการนี้ยังไม่มีแท็ก
คุณยังไม่ได้ล็อกอิน คุณสามารถมีกิจกรรมร่วมกับเว็บไซต์ได้ แต่ต้องล็อกอินก่อน ::
  ล็อกอิน

รายการสื่อสารสนเทศ

ลำดับที่ ประเภท เลขเรียก/บาร์โค้ด สถานที่ สถานะ
1. วิทยาศาสตร์การแพทย์ และสุขภาพ
วิทยาศาสตร์การแพทย์ และสุขภาพ
นว. ร147ก 2553  
  Barcode: 16995
ห้องสมุดวิทยาเขตสวรรค์ประชารักษ์
►นวนิยาย
บนชั้น
  ขอยืม

รายการใกล้เคียง
    ผู้แต่ง [ร่มแก้ว]

BibComment


ยังไม่เคยถูกคอมเมนท์

คอมเมนท์ทรัพยากรรายการนี้
  คอมเมนท์: กับดักรักลวง ร่มแ..


 Copyright 2026. Bcnsprnw @Library